| 000 | 00675nam a2200205 u 4500 | ||
|---|---|---|---|
| 005 | 20220817063825.0 | ||
| 008 | 101007s2008 es r 000 0 spa d | ||
| 020 | _a9788433022127 | ||
| 035 | _aUPN01000178056 | ||
| 049 | _aCG | ||
| 050 | 4 |
_aRC531 _bR6.2 |
|
| 100 | 1 |
_aRodríguez Correa, Pablo, _d1967- _930677 |
|
| 245 | 1 | 0 |
_aAnsiedad y sobreactivación : _bguía práctica de entrenamiento en control respiratorio / _cPablo Rodríguez Correa. |
| 260 |
_aBilbao, Esp. : _bDesclée de Brouwer, _cc2008. |
||
| 300 |
_a212 p. : _btablas, gráfs., il. |
||
| 440 | 0 |
_aSerendipity. _pMaior ; _v32 |
|
| 650 | 7 |
_aAnsiedad _2 _94750 |
|
| 650 | 4 |
_aRESPIRACION _916072 |
|
| 905 | _aLibro | ||
| 999 |
_c150159 _d150159 |
||